[Event "DEM U18 2021"]
[Site "Willingen GER"]
[Date "2021.08.23"]
[Round "1"]
[White "Weishäutel, Moritz"]
[Black "Schmitt, Daniel"]
[Result "0-1"]
[Termination "normal"]
[Board "10"]
[WhiteElo "2270"]
[BlackElo "1966"]
[WhiteClock "00:03:09"]
[BlackClock "00:01:03"]
[PlyCount "72"]
[WhiteFideId "12967300"]
[BlackFideId "16279018"]
[EventCountry "GER"]
[EventRounds "9"]
[EventType "swiss"]
[EventDate "2021.08.22"]

1. e4 {[%clk 1:30:57]} c5 {[%clk 1:30:53]} 2. Nf3 {[%clk 1:31:21]} Nc6 {[%clk
1:31:18]} 3. d4 {[%clk 1:31:44]} cxd4 {[%clk 1:31:42]} 4. Nxd4 {[%clk 1:32:10]}
Nf6 {[%clk 1:32:05]} 5. Nc3 {[%clk 1:32:34]} d6 {[%clk 1:32:29]} 6. Bg5 {[%clk
1:32:54]} e6 {[%clk 1:32:53]} 7. Qd2 {[%clk 1:33:10]} a6 {[%clk 1:33:11]} 8.
O-O-O {[%clk 1:33:20]} Bd7 {[%clk 1:33:26]} 9. f4 {[%clk 1:33:19]} h6 {[%clk
1:33:41]} 10. Bh4 {[%clk 1:32:47]} b5 {[%clk 1:33:53]} 11. Bxf6 {[%clk
1:31:10]} gxf6 {[%clk 1:33:59]} 12. Kb1 {[%clk 1:30:50]} Qb6 {[%clk 1:33:47]}
13. Nxc6 {[%clk 1:30:37]} Bxc6 {[%clk 1:33:58]} 14. Qe1 {[%clk 1:30:18]} O-O-O
{[%clk 1:33:40]} 15. Qh4 {[%clk 1:28:09]} b4 {[%clk 1:32:21]} 16. Ne2 {[%clk
1:26:47]} Be7 {[%clk 1:31:35]} 17. Qh5 {[%clk 1:25:43]} Rhf8 {[%clk 1:22:12]}
18. Ng3 {[%clk 1:24:40]} d5 {[%clk 1:19:08]} 19. Bd3 {[%clk 1:21:02]} a5 {[%clk
1:12:21]} 20. f5 {[%clk 1:16:30]} e5 {[%clk 1:03:38]} 21. Qxh6 {[%clk 1:07:03]}
d4 {[%clk 0:58:27]} 22. Qh5 {[%clk 1:01:29]} a4 {[%clk 0:47:38]} 23. b3 {[%clk
0:56:47]} Kb7 {[%clk 0:43:16]} 24. Bc4 {[%clk 0:45:53]} Bb5 {[%clk 0:34:25]}
25. Bxb5 {[%clk 0:41:27]} Qxb5 {[%clk 0:34:48]} 26. Qe2 {[%clk 0:41:17]} Qc5
{[%clk 0:28:41]} 27. Rd3 {[%clk 0:31:19]} Ra8 {[%clk 0:25:54]} 28. h4 {[%clk
0:27:07]} Rh8 {[%clk 0:23:24]} 29. Nh5 {[%clk 0:14:49]} Ra6 {[%clk 0:13:15]}
30. Rd2 {[%clk 0:12:35]} Bf8 {[%clk 0:10:57]} 31. Qd1 {[%clk 0:09:30]} Bh6
{[%clk 0:09:30]} 32. Re2 {[%clk 0:09:57]} Qc3 {[%clk 0:04:08]} 33. Qe1 {[%clk
0:02:11]} axb3 {[%clk 0:02:07]} 34. cxb3 {[%clk 0:02:40]} d3 {[%clk 0:00:52]}
35. Rb2 {[%clk 0:03:03]} d2 {[%clk 0:00:44]} 36. Qd1 {[%clk 0:03:09]} Qc1+
{[%clk 0:01:03]} 0-1

[Event "DEM U18 2021"]
[Site "Willingen GER"]
[Date "2021.08.23"]
[Round "1"]
[White "Mankel, Luca"]
[Black "Dahl, Christoph"]
[Result "0-1"]
[Termination "normal"]
[Board "11"]
[WhiteElo "1916"]
[BlackElo "2284"]
[WhiteClock "00:13:15"]
[BlackClock "00:11:27"]
[PlyCount "64"]
[WhiteFideId "16253876"]
[BlackFideId "16240235"]
[EventCountry "GER"]
[EventRounds "9"]
[EventType "swiss"]
[EventDate "2021.08.22"]

1. d4 {[%clk 1:30:57]} Nf6 {[%clk 1:30:44]} 2. c4 {[%clk 1:31:22]} e6 {[%clk
1:30:30]} 3. Nf3 {[%clk 1:31:47]} d5 {[%clk 1:30:23]} 4. cxd5 {[%clk 1:31:29]}
exd5 {[%clk 1:30:15]} 5. Nc3 {[%clk 1:31:49]} Bb4 {[%clk 1:29:49]} 6. Qa4+
{[%clk 1:31:28]} Nc6 {[%clk 1:30:11]} 7. Bg5 {[%clk 1:31:46]} h6 {[%clk
1:28:42]} 8. Bxf6 {[%clk 1:31:57]} Qxf6 {[%clk 1:29:05]} 9. e3 {[%clk 1:32:23]}
O-O {[%clk 1:28:18]} 10. Bb5 {[%clk 1:30:53]} Bg4 {[%clk 1:26:49]} 11. Nd2
{[%clk 1:09:12]} Bxc3 {[%clk 1:24:33]} 12. bxc3 {[%clk 1:09:30]} Ne7 {[%clk
1:24:41]} 13. O-O {[%clk 1:08:57]} Qg6 {[%clk 1:12:41]} 14. Rfc1 {[%clk
1:06:54]} Nc8 {[%clk 0:54:55]} 15. Bf1 {[%clk 1:06:13]} Nd6 {[%clk 0:55:09]}
16. Qa5 {[%clk 1:03:24]} c6 {[%clk 0:53:06]} 17. c4 {[%clk 1:03:02]} dxc4
{[%clk 0:52:32]} 18. Nxc4 {[%clk 1:02:24]} Nxc4 {[%clk 0:52:40]} 19. Rxc4
{[%clk 1:01:56]} Bf3 {[%clk 0:51:04]} 20. Rb4 {[%clk 0:59:57]} b6 {[%clk
0:48:01]} 21. Qe5 {[%clk 0:58:15]} Bd5 {[%clk 0:46:46]} 22. a4 {[%clk 0:50:59]}
Qc2 {[%clk 0:42:41]} 23. Rbb1 {[%clk 0:43:50]} Rfe8 {[%clk 0:29:54]} 24. Qg3
{[%clk 0:41:07]} Re6 {[%clk 0:29:03]} 25. Rc1 {[%clk 0:41:09]} Qf5 {[%clk
0:22:30]} 26. a5 {[%clk 0:39:20]} b5 {[%clk 0:21:19]} 27. Rc5 {[%clk 0:37:20]}
Rae8 {[%clk 0:14:22]} 28. Rac1 {[%clk 0:29:32]} b4 {[%clk 0:12:31]} 29. R1c2
{[%clk 0:17:40]} Rg6 {[%clk 0:11:29]} 30. Qf4 {[%clk 0:16:58]} Qxf4 {[%clk
0:11:52]} 31. exf4 {[%clk 0:17:25]} Bxg2 {[%clk 0:11:27]} 32. Bxg2 {[%clk
0:13:15]} Re1# 0-1

[Event "DEM U18 2021"]
[Site "Willingen GER"]
[Date "2021.08.23"]
[Round "1"]
[White "Richter, Nils"]
[Black "Zackrisson, Peter"]
[Result "1-0"]
[Termination "normal"]
[Board "12"]
[WhiteTitle "FM"]
[WhiteElo "2292"]
[BlackElo "1965"]
[WhiteClock "00:01:25"]
[BlackClock "00:05:28"]
[PlyCount "77"]
[WhiteFideId "12990809"]
[BlackFideId "16282078"]
[EventCountry "GER"]
[EventRounds "9"]
[EventType "swiss"]
[EventDate "2021.08.22"]

1. Nf3 {[%clk 1:30:58]} Nf6 {[%clk 1:30:49]} 2. b3 {[%clk 1:31:22]} d6 {[%clk
1:26:13]} 3. d4 {[%clk 1:29:08]} g6 {[%clk 1:26:20]} 4. Bb2 {[%clk 1:29:06]}
Bg7 {[%clk 1:26:36]} 5. g3 {[%clk 1:29:04]} b6 {[%clk 1:22:35]} 6. Bg2 {[%clk
1:27:47]} Bb7 {[%clk 1:22:55]} 7. c4 {[%clk 1:25:06]} O-O {[%clk 1:18:03]} 8.
O-O {[%clk 1:25:06]} d5 {[%clk 1:18:01]} 9. Nbd2 {[%clk 1:10:07]} e6 {[%clk
1:14:42]} 10. b4 {[%clk 0:56:45]} a5 {[%clk 0:53:03]} 11. b5 {[%clk 0:56:17]}
a4 {[%clk 0:53:21]} 12. Rc1 {[%clk 0:51:02]} Ne4 {[%clk 0:35:15]} 13. Qc2
{[%clk 0:46:20]} a3 {[%clk 0:34:02]} 14. Ba1 {[%clk 0:46:14]} Nd6 {[%clk
0:34:07]} 15. cxd5 {[%clk 0:36:54]} Bxd5 {[%clk 0:33:55]} 16. e4 {[%clk
0:35:49]} Bb7 {[%clk 0:34:15]} 17. Qxc7 {[%clk 0:35:20]} Nxb5 {[%clk 0:34:30]}
18. Qf4 {[%clk 0:26:36]} Nxd4 {[%clk 0:31:50]} 19. Bxd4 {[%clk 0:24:41]} Bxd4
{[%clk 0:32:03]} 20. Nxd4 {[%clk 0:21:21]} Qxd4 {[%clk 0:32:16]} 21. Rc7 {[%clk
0:21:31]} e5 {[%clk 0:28:40]} 22. Qh6 {[%clk 0:20:55]} Qd6 {[%clk 0:24:53]} 23.
Rxb7 {[%clk 0:09:33]} Qc6 {[%clk 0:25:12]} 24. Re7 {[%clk 0:09:19]} Qd6 {[%clk
0:25:35]} 25. Rb7 {[%clk 0:09:27]} Qc6 {[%clk 0:25:58]} 26. Rxb8 {[%clk
0:07:20]} Rfxb8 {[%clk 0:25:29]} 27. f4 {[%clk 0:06:13]} Ra7 {[%clk 0:18:25]}
28. Kh1 {[%clk 0:04:43]} exf4 {[%clk 0:18:06]} 29. e5 {[%clk 0:03:02]} Qe8
{[%clk 0:08:38]} 30. Qxf4 {[%clk 0:02:35]} Ra5 {[%clk 0:07:18]} 31. Ne4 {[%clk
0:02:13]} Qe7 {[%clk 0:05:17]} 32. Qh6 {[%clk 0:01:52]} f5 {[%clk 0:04:29]} 33.
exf6 {[%clk 0:01:59]} Qf8 {[%clk 0:04:52]} 34. f7+ {[%clk 0:01:05]} Kh8 {[%clk
0:05:15]} 35. Qe3 {[%clk 0:00:44]} Rf5 {[%clk 0:05:00]} 36. Rxf5 {[%clk
0:00:36]} gxf5 {[%clk 0:05:24]} 37. Ng5 {[%clk 0:00:56]} Qg7 {[%clk 0:05:14]}
38. Qe8+ {[%clk 0:01:02]} Qf8 {[%clk 0:05:28]} 39. Qe5+ {[%clk 0:01:25]} 1-0

[Event "DEM U18 2021"]
[Site "Willingen GER"]
[Date "2021.08.23"]
[Round "1"]
[White "Unbehend, Marius"]
[Black "Post, Hugo"]
[Result "0-1"]
[Termination "normal"]
[Board "13"]
[WhiteElo "1572"]
[BlackElo "2245"]
[WhiteClock "00:10:24"]
[BlackClock "00:11:48"]
[PlyCount "52"]
[WhiteFideId "16214420"]
[BlackFideId "12962490"]
[EventCountry "GER"]
[EventRounds "9"]
[EventType "swiss"]
[EventDate "2021.08.22"]

1. e4 {[%clk 1:30:55]} c5 {[%clk 1:30:54]} 2. d4 {[%clk 1:31:19]} cxd4 {[%clk
1:31:19]} 3. c3 {[%clk 1:31:43]} Nf6 {[%clk 1:31:44]} 4. e5 {[%clk 1:32:08]}
Nd5 {[%clk 1:32:09]} 5. Nf3 {[%clk 1:32:24]} d6 {[%clk 1:32:23]} 6. exd6 {[%clk
1:32:06]} Qxd6 {[%clk 1:30:52]} 7. Nxd4 {[%clk 1:29:47]} a6 {[%clk 1:24:45]} 8.
g3 {[%clk 1:22:44]} e5 {[%clk 1:16:13]} 9. Nb3 {[%clk 1:11:19]} Nc6 {[%clk
1:08:57]} 10. Bg2 {[%clk 1:09:11]} Be6 {[%clk 1:09:13]} 11. O-O {[%clk
1:03:16]} Rd8 {[%clk 1:05:45]} 12. N1d2 {[%clk 0:56:40]} Nf6 {[%clk 0:58:30]}
13. Qe2 {[%clk 0:49:57]} Be7 {[%clk 0:32:26]} 14. Ne4 {[%clk 0:42:39]} Nxe4
{[%clk 0:32:24]} 15. Bxe4 {[%clk 0:42:17]} O-O {[%clk 0:31:46]} 16. Be3 {[%clk
0:33:35]} Qc7 {[%clk 0:29:48]} 17. Nc5 {[%clk 0:29:54]} Bc8 {[%clk 0:27:13]}
18. Rfd1 {[%clk 0:25:24]} f5 {[%clk 0:18:48]} 19. Qc4+ {[%clk 0:23:19]} Kh8
{[%clk 0:19:04]} 20. Nxa6 {[%clk 0:22:44]} bxa6 {[%clk 0:17:10]} 21. Qxc6
{[%clk 0:22:04]} Qb8 {[%clk 0:15:40]} 22. Rxd8 {[%clk 0:18:01]} Rxd8 {[%clk
0:14:15]} 23. Qb6 {[%clk 0:12:13]} Qxb6 {[%clk 0:13:25]} 24. Bxb6 {[%clk
0:12:34]} Rd2 {[%clk 0:11:07]} 25. Bg2 {[%clk 0:11:41]} Rxb2 {[%clk 0:11:28]}
26. c4 {[%clk 0:10:24]} Rxb6 {[%clk 0:11:48]} 0-1

[Event "DEM U18 2021"]
[Site "Willingen GER"]
[Date "2021.08.23"]
[Round "1"]
[White "Boder, Jan"]
[Black "Wander, Dennis"]
[Result "1-0"]
[Termination "normal"]
[Board "14"]
[WhiteElo "2146"]
[BlackElo "1610"]
[WhiteClock "00:37:27"]
[BlackClock "00:53:35"]
[PlyCount "51"]
[WhiteFideId "16243226"]
[BlackFideId "16276523"]
[EventCountry "GER"]
[EventRounds "9"]
[EventType "swiss"]
[EventDate "2021.08.22"]

1. e4 {[%clk 1:30:45]} e5 {[%clk 1:30:52]} 2. Nf3 {[%clk 1:31:06]} Nc6 {[%clk
1:31:11]} 3. Bc4 {[%clk 1:31:27]} Bc5 {[%clk 1:31:33]} 4. c3 {[%clk 1:31:43]}
Nf6 {[%clk 1:31:55]} 5. d3 {[%clk 1:32:01]} O-O {[%clk 1:31:56]} 6. O-O {[%clk
1:32:09]} d6 {[%clk 1:32:06]} 7. h3 {[%clk 1:29:09]} a5 {[%clk 1:32:15]} 8.
Nbd2 {[%clk 1:27:21]} Be6 {[%clk 1:31:28]} 9. Re1 {[%clk 1:08:31]} Re8 {[%clk
1:29:36]} 10. Bb5 {[%clk 1:01:31]} Bd7 {[%clk 1:15:28]} 11. Nf1 {[%clk
0:59:54]} h6 {[%clk 1:10:42]} 12. Ng3 {[%clk 0:58:17]} Ne7 {[%clk 1:08:15]} 13.
Bxd7 {[%clk 0:57:39]} Qxd7 {[%clk 1:08:34]} 14. d4 {[%clk 0:56:22]} exd4 {[%clk
1:08:49]} 15. cxd4 {[%clk 0:56:34]} Bb6 {[%clk 1:08:39]} 16. Qd3 {[%clk
0:50:24]} Ng6 {[%clk 1:06:41]} 17. Bd2 {[%clk 0:48:21]} Nf8 {[%clk 1:00:28]}
18. Bc3 {[%clk 0:41:21]} Ne6 {[%clk 0:59:49]} 19. Qd2 {[%clk 0:37:42]} Qc6
{[%clk 0:57:21]} 20. d5 {[%clk 0:36:27]} Qc5 {[%clk 0:54:21]} 21. Bxf6 {[%clk
0:35:53]} gxf6 {[%clk 0:54:00]} 22. dxe6 {[%clk 0:36:18]} Rxe6 {[%clk 0:54:18]}
23. Rac1 {[%clk 0:36:40]} Qb5 {[%clk 0:54:18]} 24. Nf5 {[%clk 0:36:45]} Kh7
{[%clk 0:53:12]} 25. Qxh6+ {[%clk 0:37:02]} Kg8 {[%clk 0:53:35]} 26. Qg7#
{[%clk 0:37:27]} 1-0

[Event "DEM U18 2021"]
[Site "Willingen GER"]
[Date "2021.08.23"]
[Round "2"]
[White "Dahl, Christoph"]
[Black "Kölle, Tobias"]
[Result "1/2-1/2"]
[Termination "normal"]
[Board "1"]
[BlackTitle "FM"]
[WhiteElo "2284"]
[BlackElo "2312"]
[WhiteClock "00:04:37"]
[BlackClock "00:02:51"]
[PlyCount "78"]
[WhiteFideId "16240235"]
[BlackFideId "16207378"]
[EventCountry "GER"]
[EventRounds "9"]
[EventType "swiss"]
[EventDate "2021.08.22"]

1. e4 {[%clk 1:30:58]} c5 {[%clk 1:30:55]} 2. Nf3 {[%clk 1:31:02]} d6 {[%clk
1:31:23]} 3. d4 {[%clk 1:31:06]} cxd4 {[%clk 1:31:51]} 4. Nxd4 {[%clk 1:31:30]}
Nf6 {[%clk 1:32:20]} 5. Nc3 {[%clk 1:31:21]} a6 {[%clk 1:32:48]} 6. Bg5 {[%clk
1:31:16]} Nbd7 {[%clk 1:33:16]} 7. Qe2 {[%clk 1:30:49]} h6 {[%clk 1:33:38]} 8.
Bh4 {[%clk 1:30:42]} g6 {[%clk 1:34:01]} 9. f4 {[%clk 1:29:32]} e5 {[%clk
1:34:19]} 10. fxe5 {[%clk 1:29:24]} dxe5 {[%clk 1:34:46]} 11. O-O-O {[%clk
1:28:20]} Qc7 {[%clk 1:35:06]} 12. Nb3 {[%clk 1:26:38]} b5 {[%clk 1:35:29]} 13.
g4 {[%clk 1:26:26]} Be7 {[%clk 1:29:00]} 14. Bg2 {[%clk 1:23:29]} Bb7 {[%clk
1:21:37]} 15. Rhf1 {[%clk 1:20:58]} b4 {[%clk 1:12:33]} 16. Bxf6 {[%clk
1:17:31]} Nxf6 {[%clk 1:11:14]} 17. Nd5 {[%clk 1:17:38]} Nxd5 {[%clk 1:08:31]}
18. exd5 {[%clk 1:18:03]} Bd6 {[%clk 1:04:25]} 19. Nd4 {[%clk 1:12:43]} O-O
{[%clk 0:58:48]} 20. Nc6 {[%clk 1:11:33]} a5 {[%clk 0:52:41]} 21. Qe3 {[%clk
1:02:23]} Kg7 {[%clk 0:38:12]} 22. h4 {[%clk 0:52:41]} a4 {[%clk 0:38:12]} 23.
Be4 {[%clk 0:50:56]} b3 {[%clk 0:29:52]} 24. axb3 {[%clk 0:50:56]} axb3 {[%clk
0:29:52]} 25. Qxb3 {[%clk 0:50:56]} Ra1+ {[%clk 0:29:52]} 26. Kd2 {[%clk
0:50:56]} Rxd1+ {[%clk 0:29:52]} 27. Kxd1 {[%clk 0:50:56]} Bxc6 {[%clk
0:29:52]} 28. dxc6 {[%clk 0:50:56]} Rb8 {[%clk 0:29:52]} 29. Qa2 {[%clk
0:50:56]} Rb4 {[%clk 0:19:52]} 30. Kd2 {[%clk 0:38:22]} Qd8 {[%clk 0:15:27]}
31. Rf2 {[%clk 0:38:22]} f5 {[%clk 0:15:27]} 32. Bd3 {[%clk 0:28:20]} e4 {[%clk
0:14:00]} 33. gxf5 {[%clk 0:26:51]} exd3 {[%clk 0:13:51]} 34. Qe6 {[%clk
0:24:13]} Rxh4 {[%clk 0:08:56]} 35. Qd7+ {[%clk 0:08:13]} Qxd7 {[%clk 0:09:15]}
36. cxd7 {[%clk 0:08:38]} Bc7 {[%clk 0:07:57]} 37. Kxd3 {[%clk 0:07:32]} Rb4
{[%clk 0:04:02]} 38. fxg6 {[%clk 0:06:20]} Rb6 {[%clk 0:03:36]} 39. Ke2 {[%clk
0:04:37]} Kxg6 {[%clk 0:02:51]} 1/2-1/2

[Event "DEM U18 2021"]
[Site "Willingen GER"]
[Date "2021.08.23"]
[Round "2"]
[White "Fromm, Marius"]
[Black "Richter, Nils"]
[Result "1/2-1/2"]
[Termination "normal"]
[Board "2"]
[WhiteTitle "FM"]
[BlackTitle "FM"]
[WhiteElo "2342"]
[BlackElo "2292"]
[WhiteClock "00:19:58"]
[BlackClock "00:03:52"]
[PlyCount "101"]
[WhiteFideId "12993190"]
[BlackFideId "12990809"]
[EventCountry "GER"]
[EventRounds "9"]
[EventType "swiss"]
[EventDate "2021.08.22"]

1. e4 c6 2. d4 d5 3. exd5 cxd5 4. Bd3 Nf6 5. h3 g6 6. c3 Bf5 7. Be2 Qc7 8. Nf3
Nc6 9. O-O h6 10. Be3 e6 11. Nbd2 g5 12. Ne5 Bd6 13. Bb5 Ke7 14. Bxc6 bxc6 15.
c4 Nd7 16. Rc1 f6 17. Nxd7 Qxd7 18. Re1 Rab8 {[%clk 0:25:43]} 19. Nb3 {[%clk
0:20:58]} Kf7 {[%clk 0:23:14]} 20. Qe2 {[%clk 0:17:26]} Rhe8 {[%clk 0:23:04]}
21. cxd5 {[%clk 0:16:31]} cxd5 {[%clk 0:20:27]} 22. Nc5 {[%clk 0:16:31]} Qb5
{[%clk 0:20:27]} 23. Qh5+ {[%clk 0:16:54]} Bg6 {[%clk 0:20:02]} 24. Qf3 {[%clk
0:14:25]} Bxc5 {[%clk 0:17:24]} 25. dxc5 {[%clk 0:08:32]} Qxb2 {[%clk 0:14:40]}
26. Red1 {[%clk 0:08:16]} Qa3 {[%clk 0:10:21]} 27. h4 Kg7 28. Qg3 {[%clk
0:07:55]} Rbc8 {[%clk 0:08:09]} 29. Qd6 {[%clk 0:07:27]} Bf7 {[%clk 0:07:25]}
30. Rb1 {[%clk 0:05:36]} Qa4 {[%clk 0:05:10]} 31. hxg5 {[%clk 0:03:21]} hxg5
{[%clk 0:05:38]} 32. Rd4 {[%clk 0:01:36]} Qc6 {[%clk 0:03:57]} 33. Qxc6 {[%clk
0:00:58]} Rxc6 {[%clk 0:04:26]} 34. Rb7 {[%clk 0:01:18]} Ra6 {[%clk 0:03:16]}
35. Rd2 {[%clk 0:00:43]} Rc8 {[%clk 0:02:25]} 36. Rdb2 {[%clk 0:00:48]} e5
{[%clk 0:01:36]} 37. Re7 {[%clk 0:00:33]} d4 {[%clk 0:01:05]} 38. Rbb7 {[%clk
0:00:54]} Rf8 {[%clk 0:00:46]} 39. Bd2 {[%clk 0:00:33]} Rxa2 {[%clk 0:00:47]}
40. Bb4 {[%clk 0:01:03]} a5 {[%clk 0:00:34]} 41. Ra7 {[%clk 0:30:18]} Kg6
{[%clk 0:25:27]} 42. Rxa5 {[%clk 0:26:33]} Rxa5 {[%clk 0:23:50]} 43. Bxa5
{[%clk 0:26:57]} Ra8 {[%clk 0:24:03]} 44. Bb6 {[%clk 0:25:45]} Ra1+ {[%clk
0:23:07]} 45. Kh2 {[%clk 0:26:11]} Rc1 {[%clk 0:17:50]} 46. Rd7 {[%clk
0:26:04]} Be8 {[%clk 0:08:10]} 47. Rd6 {[%clk 0:25:59]} g4 {[%clk 0:05:21]} 48.
Bd8 {[%clk 0:19:30]} Rxc5 {[%clk 0:05:32]} 49. Rxf6+ {[%clk 0:19:56]} Kh7
{[%clk 0:04:14]} 50. Rd6 {[%clk 0:20:01]} Bg6 {[%clk 0:03:52]} 51. Kg3 {[%clk
0:19:58]} 1/2-1/2

[Event "DEM U18 2021"]
[Site "Willingen GER"]
[Date "2021.08.23"]
[Round "2"]
[White "Post, Hugo"]
[Black "Suvorov, Alexander"]
[Result "0-1"]
[Termination "normal"]
[Board "3"]
[BlackTitle "FM"]
[WhiteElo "2245"]
[BlackElo "2333"]
[WhiteClock "00:28:53"]
[BlackClock "00:29:21"]
[PlyCount "110"]
[WhiteFideId "12962490"]
[BlackFideId "12977063"]
[EventCountry "GER"]
[EventRounds "9"]
[EventType "swiss"]
[EventDate "2021.08.22"]

1. e4 {[%clk 1:30:57]} c5 {[%clk 1:30:45]} 2. Nf3 {[%clk 1:31:22]} e6 {[%clk
1:31:03]} 3. d4 {[%clk 1:31:43]} cxd4 {[%clk 1:31:20]} 4. Nxd4 {[%clk 1:32:08]}
Nc6 {[%clk 1:31:43]} 5. Nc3 {[%clk 1:32:22]} Qc7 {[%clk 1:32:07]} 6. Be3 {[%clk
1:32:40]} a6 {[%clk 1:32:31]} 7. Qf3 {[%clk 1:33:00]} Nf6 {[%clk 1:32:45]} 8.
O-O-O {[%clk 1:33:21]} Ne5 {[%clk 1:32:46]} 9. Qg3 {[%clk 1:33:44]} b5 {[%clk
1:33:09]} 10. a3 {[%clk 1:34:01]} Bb7 {[%clk 1:33:19]} 11. Bxb5 {[%clk
1:34:16]} Rc8 {[%clk 1:33:44]} 12. Ba4 {[%clk 1:34:18]} Nxe4 {[%clk 1:33:37]}
13. Nxe4 {[%clk 1:34:35]} Bxe4 {[%clk 1:33:57]} 14. Bf4 {[%clk 1:34:37]} Qa5
{[%clk 1:34:14]} 15. Bxe5 {[%clk 1:34:45]} Qxa4 {[%clk 1:34:41]} 16. Rd2 {[%clk
1:35:03]} h5 {[%clk 1:35:01]} 17. Bd6 {[%clk 1:27:11]} Bg6 {[%clk 1:15:30]} 18.
Re1 {[%clk 1:23:58]} Qc4 {[%clk 1:06:38]} 19. b3 {[%clk 1:15:16]} Bxd6 {[%clk
0:55:02]} 20. Qxd6 {[%clk 1:15:05]} Qc3 {[%clk 0:42:39]} 21. Kd1 {[%clk
1:02:05]} Qc5 {[%clk 0:30:04]} 22. Qxc5 {[%clk 1:02:05]} Rxc5 {[%clk 0:30:04]}
23. Nf3 {[%clk 0:58:02]} f6 24. c4 {[%clk 0:57:43]} Ke7 {[%clk 0:25:51]} 25.
Rd4 {[%clk 0:57:43]} Rhc8 {[%clk 0:25:51]} 26. Kd2 {[%clk 0:57:43]} Bf7 27. Kc3
{[%clk 0:35:26]} e5 {[%clk 0:16:05]} 28. Nd2 {[%clk 0:33:05]} Be6 {[%clk
0:14:46]} 29. Rh4 {[%clk 0:22:25]} Bg4 {[%clk 0:06:45]} 30. b4 {[%clk 0:13:49]}
R5c6 {[%clk 0:06:06]} 31. f4 {[%clk 0:13:37]} Ke6 {[%clk 0:02:35]} 32. f5+
{[%clk 0:09:23]} Kxf5 {[%clk 0:02:35]} 33. h3 {[%clk 0:09:35]} Kg5 {[%clk
0:02:44]} 34. g3 {[%clk 0:08:26]} Bf5 {[%clk 0:03:01]} 35. Rf1 {[%clk 0:04:49]}
Kg6 {[%clk 0:03:09]} 36. Kb3 {[%clk 0:02:49]} Rd6 {[%clk 0:03:06]} 37. g4
{[%clk 0:02:45]} hxg4 {[%clk 0:02:44]} 38. hxg4 {[%clk 0:03:04]} Be6 {[%clk
0:03:01]} 39. Rf2 {[%clk 0:02:40]} Rd4 {[%clk 0:03:08]} 40. Rg2 {[%clk
0:02:14]} Bxc4+ {[%clk 0:03:13]} 41. Nxc4 {[%clk 0:02:29]} Rcxc4 {[%clk
0:03:19]} 42. Rh3 {[%clk 0:00:50]} d5 {[%clk 0:00:49]} 43. Rc3 {[%clk 0:30:30]}
Rxc3+ {[%clk 0:30:25]} 44. Kxc3 {[%clk 0:30:57]} Rc4+ {[%clk 0:28:50]} 45. Kb3
{[%clk 0:31:08]} Rc6 {[%clk 0:28:49]} 46. a4 {[%clk 0:30:51]} d4 {[%clk
0:28:51]} 47. b5 {[%clk 0:30:02]} axb5 {[%clk 0:28:58]} 48. axb5 {[%clk
0:30:29]} Rc8 {[%clk 0:29:03]} 49. Rc2 {[%clk 0:29:50]} Rd8 {[%clk 0:27:53]}
50. b6 {[%clk 0:28:33]} d3 {[%clk 0:28:11]} 51. Rd2 {[%clk 0:28:52]} Rb8 {[%clk
0:28:18]} 52. Rxd3 {[%clk 0:29:06]} Rxb6+ {[%clk 0:28:48]} 53. Kc4 {[%clk
0:29:25]} Rb1 {[%clk 0:29:05]} 54. Rg3 {[%clk 0:29:24]} Rd1 {[%clk 0:29:21]}
55. Kc3 {[%clk 0:28:53]} Kg5 {[%clk 0:29:21]} 0-1

[Event "DEM U18 2021"]
[Site "Willingen GER"]
[Date "2021.08.23"]
[Round "2"]
[White "Woelk, Tom-Frederic"]
[Black "Hofmann, Lorenz"]
[Result "1/2-1/2"]
[Termination "normal"]
[Board "5"]
[WhiteTitle "FM"]
[WhiteElo "2314"]
[BlackElo "2071"]
[WhiteClock "00:19:44"]
[BlackClock "00:17:22"]
[PlyCount "104"]
[WhiteFideId "12993077"]
[BlackFideId "12995509"]
[EventCountry "GER"]
[EventRounds "9"]
[EventType "swiss"]
[EventDate "2021.08.22"]

1. d4 {[%clk 1:30:57]} d5 {[%clk 1:30:57]} 2. c4 {[%clk 1:31:11]} e6 {[%clk
1:31:23]} 3. Nc3 {[%clk 1:31:37]} Nf6 {[%clk 1:31:50]} 4. cxd5 {[%clk 1:31:59]}
exd5 {[%clk 1:32:15]} 5. Bg5 {[%clk 1:32:23]} Be7 {[%clk 1:32:42]} 6. e3 {[%clk
1:32:43]} h6 {[%clk 1:33:07]} 7. Bh4 {[%clk 1:26:57]} O-O {[%clk 1:33:11]} 8.
Bd3 {[%clk 1:27:01]} c6 {[%clk 1:33:17]} 9. Qc2 {[%clk 1:27:18]} Re8 {[%clk
1:33:37]} 10. Nf3 {[%clk 1:24:04]} Ne4 {[%clk 1:30:54]} 11. Bxe4 {[%clk
1:21:02]} Bxh4 {[%clk 1:24:54]} 12. Bd3 {[%clk 1:18:23]} Rxe3+ {[%clk 1:23:39]}
13. Ne2 {[%clk 1:12:32]} Re8 {[%clk 1:22:14]} 14. Nxh4 {[%clk 0:53:43]} Qxh4
{[%clk 1:22:28]} 15. O-O {[%clk 0:54:11]} Bg4 {[%clk 1:15:55]} 16. f3 {[%clk
0:54:00]} Be6 {[%clk 1:13:55]} 17. b4 {[%clk 0:51:24]} Qe7 18. Rab1 Bf5 {[%clk
1:01:04]} 19. Bxf5 {[%clk 0:51:21]} Qxe2 20. Qxe2 {[%clk 0:28:06]} Rxe2 {[%clk
1:01:42]} 21. Bc8 {[%clk 0:28:35]} a6 {[%clk 0:54:15]} 22. Rfe1 {[%clk
0:27:10]} Rxe1+ 23. Rxe1 Kf8 {[%clk 0:54:27]} 24. Bxb7 {[%clk 0:27:41]} Ra7
{[%clk 0:54:54]} 25. Bc8 {[%clk 0:21:28]} g6 {[%clk 0:47:41]} 26. h4 {[%clk
0:21:28]} h5 {[%clk 0:47:41]} 27. Re2 {[%clk 0:20:38]} Nd7 {[%clk 0:33:07]} 28.
Bxd7 {[%clk 0:15:13]} Rxd7 29. Rc2 {[%clk 0:15:33]} Rc7 {[%clk 0:32:42]} 30.
Kf2 {[%clk 0:13:23]} Ke7 {[%clk 0:31:22]} 31. Ke3 {[%clk 0:04:36]} Kd6 {[%clk
0:30:58]} 32. Kf4 {[%clk 0:04:59]} f6 {[%clk 0:29:48]} 33. g4 {[%clk 0:04:32]}
Rh7 {[%clk 0:18:35]} 34. Re2 {[%clk 0:03:42]} hxg4 {[%clk 0:12:49]} 35. Kxg4
{[%clk 0:04:09]} Rh8 {[%clk 0:10:35]} 36. f4 {[%clk 0:04:13]} Kd7 {[%clk
0:08:47]} 37. Re3 {[%clk 0:04:03]} Rb8 {[%clk 0:06:08]} 38. f5 {[%clk 0:02:14]}
gxf5+ 39. Kxf5 {[%clk 0:02:42]} Rxb4 {[%clk 0:04:38]} 40. h5 Rxd4 {[%clk
0:02:50]} 41. Rh3 {[%clk 0:02:19]} Re4 {[%clk 0:00:59]} 42. h6 {[%clk 0:01:00]}
Re8 {[%clk 0:01:19]} 43. h7 {[%clk 0:28:25]} Rh8 {[%clk 0:31:27]} 44. Kxf6
{[%clk 0:28:46]} Kd6 {[%clk 0:26:15]} 45. Rh6 {[%clk 0:25:06]} Kc5 {[%clk
0:25:52]} 46. Ke5 {[%clk 0:24:55]} a5 {[%clk 0:19:39]} 47. a4 {[%clk 0:24:06]}
Kb4 {[%clk 0:18:28]} 48. Rh4+ {[%clk 0:23:38]} Kb3 {[%clk 0:17:36]} 49. Kd6
{[%clk 0:19:14]} d4 {[%clk 0:17:38]} 50. Rxd4 {[%clk 0:18:55]} Rxh7 {[%clk
0:17:59]} 51. Kxc6 {[%clk 0:19:23]} Rh5 {[%clk 0:17:07]} 52. Kb6 {[%clk
0:19:44]} Rg5 {[%clk 0:17:22]} 1/2-1/2